| 000 | 00708nam a2200205Ia 4500 | ||
|---|---|---|---|
| 008 | 130821s2007 ck gr spa | ||
| 020 | _a9789588235882 | ||
| 040 |
_aCo-BoUCM _bspa |
||
| 041 | 0 | 0 | _aspa |
| 100 | 1 |
_aEscobar Sánz, Jairo Ernesto _9163957 |
|
| 245 | 1 | 3 |
_aLa prejudicialidad Sus efectos en materia penal y civil _cJairo Ernesto Escobar Sánz |
| 260 |
_aMedellín (Antioquia, Colombia) _bDiké _c2007 |
||
| 300 | _a100 páginas | ||
| 504 | _aIncluye referencias bibliográficas e indice. | ||
| 650 | 0 | 4 |
_aDerecho civil _912711 |
| 650 | 0 | 4 |
_aDerecho penal _912805 |
| 650 | 0 | 4 |
_aPrejudicialidad _922190 |
| 942 |
_cLIBRO _a8 _e1 _mE746p _2DEWEY _h347.013 |
||
| 999 |
_c54868 _d54868 |
||